000 01151cam a2200289 4500
001 J3659
008 090401t1996 xxu||||| |||| 00| 0 eng d
035 _a(Sirsi) u56302
041 _aeng
050 _a692.8
090 _aJCT 1996/1A
110 _aJoint Contracts Tribunal
_93664
245 _aContractor`s Designed Portion Supplement : With Quantities 1981 edition (WQ) revised July 1994, Without Quantities 1994 edition (XQ) : modifications to the standard form for use where the contractor is required to complete the design of of a portion of the works. Amendment 1 and guidance note issued February 1996.
260 _aLondon
_bRIBA Publications
_c1996
300 _a8p. ; 30cm.
350 _a0.8
520 _aAmendments to take account of the CDM Regulations.
650 _aAMENDMENT 1
650 _aCONSTRUCTION (DESIGN AND MANAGEMENT) REGULATIONS 1994
650 _aCONDAM REGULATIONS
650 _aCONSTRUCTION (DESIGN AND MANAGEMENT) REGULATIONS 1994
650 _aJCT CDPS
650 _aJCT STANDARD FORM OF CONTRACT 1980
690 _aBUILT ENVIRONMENT-BUILDING CONTRACT FORMS
942 _n0
948 _c04/03/1997
999 _c93768
_d93768